[Event "Piestany op-B"]
[Site "Piestany"]
[Date "2023.07.18"]
[Round "8"]
[White "Nosal, Peter"]
[Black "Dubnicka, Ferdinand"]
[Result "0-1"]
[WhiteElo "1000"]
[BlackElo "1396"]
[PlyCount "92"]
[EventDate "2023.07.11"]
[EventType "swiss"]
[EventRounds "9"]
[EventCountry "SVK"]
[SourceTitle "EXT 2024"]
[Source "ChessBase"]
[SourceDate "2023.10.10"]
[SourceVersion "1"]
[SourceVersionDate "2023.10.10"]
[SourceQuality "1"]

1. e4 c5 2. Nf3 Nc6 3. d4 cxd4 4. Nxd4 e5 5. Nxc6 bxc6 6. Nc3 Nf6 7. Be2 Bb4 8. Bd3 0-0 9. 0-0 a5 10. a3 Be7 11. Be3 Ba6 12. Qe2 Bc8 13. Na4 d6 14. h3 Rb8 15. c3 Bd7 16. Qc2 c5 17. c4 h6 18. Nc3 Be6 19. Nd5 Qd7 20. Kh2 Bd8 21. Nxf6+ Bxf6 22. Be2 Rb7 23. Bf3 Rfb8 24. Bc1 a4 25. Qe2 Rb3 26. Bg4 Bg5 27. Bxe6 Qxe6 28. Bxg5 hxg5 29. Rab1 Qf6 30. f3 Qf4+ 31. Kg1 Re3 32. Qf2 Rbb3 33. g3 Qf6 34. Rbe1 Rxf3 35. Qg2 Rxg3 36. Rxf6 Rxg2+ 37. Kxg2 gxf6 38. Re2 Kf8 39. Rc2 Ke7 40. Kf1 Rxh3 41. Ke1 Ke6 42. Rc3 Rxc3 43. bxc3 f5 44. exf5+ Kxf5 45. Kf2 Ke4 46. Ke2 f5 0-1